Postavenie žien na trhu práce

Participácia žien na zamestnaní na Slovensku, vo vybraných krajinách OECD a krajinách strednej a východnej Európy. Postavenie a výhody pracujúcich žien vo vyspelých krajinách Európy. Postavenie žien v spoločnosti a na trhu práce v SR.

Salvato in:
Dettagli Bibliografici
Autore principale: Rievajová, Eva
Natura: Capitolo di libro
Lingua:slovacco
Soggetti:
Tags: Aggiungi Tag
Nessun Tag, puoi essere il primo ad aggiungerne!!

MARC

LEADER 00000naa a2200000 4500
001 r017570
005 20221205102532.5
041 0 |a slo 
044 |a SK 
245 1 0 |a Postavenie žien na trhu práce  |c Eva Rievajová 
520 |a Participácia žien na zamestnaní na Slovensku, vo vybraných krajinách OECD a krajinách strednej a východnej Európy. Postavenie a výhody pracujúcich žien vo vyspelých krajinách Európy. Postavenie žien v spoločnosti a na trhu práce v SR. 
610 2 0 |a trh práce 
610 2 0 |a ženy 
610 2 0 |a práca žien 
610 2 0 |a miera nezamestnanosti 
610 2 0 |a Slovensko 
610 2 0 |a západná Európa 
610 2 0 |a východná Európa 
610 2 0 |a stredná Európa 
100 1 |a Rievajová, Eva